<?xml version="1.0" encoding="UTF-8"?><?xml-stylesheet type="text/xsl" href="static/style.xsl"?><OAI-PMH xmlns="http://www.openarchives.org/OAI/2.0/" xmlns:xsi="http://www.w3.org/2001/XMLSchema-instance" xsi:schemaLocation="http://www.openarchives.org/OAI/2.0/ http://www.openarchives.org/OAI/2.0/OAI-PMH.xsd"><responseDate>2026-04-17T04:33:14Z</responseDate><request verb="GetRecord" identifier="oai:www.recercat.cat:2072/380697" metadataPrefix="marc">https://recercat.cat/oai/request</request><GetRecord><record><header><identifier>oai:recercat.cat:2072/380697</identifier><datestamp>2026-04-10T20:09:50Z</datestamp><setSpec>com_2072_98</setSpec><setSpec>col_2072_378192</setSpec></header><metadata><record xmlns="http://www.loc.gov/MARC21/slim" xmlns:dcterms="http://purl.org/dc/terms/" xmlns:xsi="http://www.w3.org/2001/XMLSchema-instance" xmlns:doc="http://www.lyncode.com/xoai" xsi:schemaLocation="http://www.loc.gov/MARC21/slim http://www.loc.gov/standards/marcxml/schema/MARC21slim.xsd">
   <leader>00925njm 22002777a 4500</leader>
   <datafield ind2=" " ind1=" " tag="042">
      <subfield code="a">dc</subfield>
   </datafield>
   <datafield ind2=" " ind1=" " tag="720">
      <subfield code="a">Masjuan, Josep M.</subfield>
      <subfield code="e">author</subfield>
   </datafield>
   <datafield ind2=" " ind1=" " tag="260">
      <subfield code="c">2005</subfield>
   </datafield>
   <datafield ind2=" " ind1=" " tag="520">
      <subfield code="a">El presente artículo se plantea hasta qué punto la percepción del éxito en los estudios universitarios por parte de los estudiantes depende de las condiciones en que realizan los estudios y de su propia motivación. Al mismo tiempo, intenta averiguar hasta qué punto las motivaciones de los estudiantes están influidas por la categoría socioprofesional y el sexo. En su parte descriptiva, muestra como se diferencian las distintas áreas de estudio en tres regiones europeas, Baden-Württemberg, Cataluña y Rhône-Alpes, por lo que se refiere a las variables utilizadas para comprobar las dos hipótesis anteriores. Los datos proceden de una encuesta realizada durante el año 2002 en las tres regiones, la cual abarca 4.029 estudiantes universitarios en la mitad de sus estudios.</subfield>
   </datafield>
   <datafield ind2=" " ind1=" " tag="520">
      <subfield code="a">This article analyses to what extent the perception of success in university studies by the students depends on the conditions in which they carry out their studies and on their own motivation. At the same time, it attempts to find out to what extent the students' motivations are influenced by socio-professional category and sex. In its descriptive part, this paper shows how the various areas of the study are differentiated in three European regions: Baden-Württemberg, Catalonia and Rhône-Alpes; this is why it refers to the variables used to verify the two previous hypotheses. The data come from a survey carried out in the year 2000 in these three regions. This survey includes 4,029 university students halfway through their studies.</subfield>
   </datafield>
   <datafield tag="653" ind2=" " ind1=" ">
      <subfield code="a">Progreso académico de los estudiantes</subfield>
   </datafield>
   <datafield tag="653" ind2=" " ind1=" ">
      <subfield code="a">Universidad</subfield>
   </datafield>
   <datafield tag="653" ind2=" " ind1=" ">
      <subfield code="a">Origen social</subfield>
   </datafield>
   <datafield tag="653" ind2=" " ind1=" ">
      <subfield code="a">Género</subfield>
   </datafield>
   <datafield tag="653" ind2=" " ind1=" ">
      <subfield code="a">Students performance</subfield>
   </datafield>
   <datafield tag="653" ind2=" " ind1=" ">
      <subfield code="a">University</subfield>
   </datafield>
   <datafield tag="653" ind2=" " ind1=" ">
      <subfield code="a">Social origen</subfield>
   </datafield>
   <datafield tag="653" ind2=" " ind1=" ">
      <subfield code="a">Gender</subfield>
   </datafield>
   <datafield tag="653" ind2=" " ind1=" ">
      <subfield code="a">Progrés acadèmic dels estudiants</subfield>
   </datafield>
   <datafield tag="653" ind2=" " ind1=" ">
      <subfield code="a">Universitat</subfield>
   </datafield>
   <datafield tag="653" ind2=" " ind1=" ">
      <subfield code="a">Gènere</subfield>
   </datafield>
   <datafield ind2="0" ind1="0" tag="245">
      <subfield code="a">Progresos en los aprendizajes, características de los estudios y motivaciones de los estudiantes</subfield>
   </datafield>
</record></metadata></record></GetRecord></OAI-PMH>